| 000 | 00762nam a22002417a 4500 | ||
|---|---|---|---|
| 001 | 810 | ||
| 003 | BD-RjUL | ||
| 005 | 20211208233231.0 | ||
| 008 | 131123s2005 bg ||||| |||| 000 0 eng d | ||
| 020 | _a9843227212 | ||
| 035 | _a(BD-RjUL)830 | ||
| 040 |
_aBD-RjUL _beng _cBD-RjUL _dBD-RjUL |
||
| 041 | _aeng | ||
| 082 | 0 | 4 |
_223 _a026.63 _bUDA 2005 |
| 100 | 1 | 0 |
_aUddin, MD. Hanif _92423 |
| 245 | 1 | 0 |
_aAgricultural libraries and information system in Bangladesh / _cDr. MD.Hanif Uddin. |
| 260 |
_aDhaka : _bUniversity of Dhaka, _cc2005. |
||
| 300 |
_axvi, 241 p. ; _c23 cm. |
||
| 650 | 0 | 7 |
_aAgricultural libraries. _92424 |
| 650 | 0 | 7 |
_aAgricultural libraries _zBangladesh. _9113830 |
| 650 | 0 | 7 |
_aAgriculture _xInformation services _zBangladesh. _9113831 |
| 942 |
_2ddc _cBK |
||
| 999 |
_c810 _d810 |
||